Sistema de indicadores para políticas económicas con metas de empleo y redistribución de ingresos /
Zapisane w:
| organizacja autorów: | , |
|---|---|
| Format: | Texto |
| Język: | Spanish |
| Wydane: |
San José:
MTSS. OFIPLAN
|
| Hasła przedmiotowe: | |
| Etykiety: |
Dodaj etykietę
Nie ma etykietki, Dołącz pierwszą etykiete!
|
MARC
| LEADER | 00000 a a2200000 04500 | ||
|---|---|---|---|
| 001 | 17128 | ||
| 003 | cru CIDCACS/IIS | ||
| 005 | 20231129162637.0 | ||
| 008 | 231129b |||||||| |||| 00| 0 spa d | ||
| 040 | |c cru CIDCACS/IIS | ||
| 090 | |a 13.01.03 C958s | ||
| 110 | |a Costa Rica. Ministerio de Trabajo y Seguridad Social | ||
| 245 | |a Sistema de indicadores para políticas económicas con metas de empleo y redistribución de ingresos / |c Costa Rica. Ministerio de Trabajo y Seguridad Social | ||
| 260 | |a San José: |b MTSS. OFIPLAN | ||
| 300 | |a 18 p. | ||
| 650 | |a EMPLEO | ||
| 650 | |a REDISTRIBUCION DEL INGRESO | ||
| 710 | |a Costa Rica. Oficina de Planificación Nacional y Política Económica | ||
| 942 | |2 z |c LI |h 13.01.03 C958s |i 09067 |6 130103_C958S_09067 | ||
| 999 | |c 13235 |d 13235 | ||
